Město /
Dlouholetá literární redaktorka a poté také životní partnerka věhlasného D. A. Gemmella s tímto velikánem fantastiky spolupracovala na několika románech a nyní přichází se svým prvním samostatným fantasy románem.
Uloženo v:
| Hlavní autor: | |
|---|---|
| Médium: | E-kniha |
| Jazyk: | Czech |
| Vydáno: |
Ostrava :
Fantom Print,
2014
|
| Vydání: | 1. vyd. |
| Témata: | |
| Příbuzné jednotky: | Přeloženo z:
City |
| Tagy: |
Žádné tagy |
| LEADER | 02402nam a2200397 a 4500 | ||
|---|---|---|---|
| 001 | 295241 | ||
| 003 | CZ PrSKC | ||
| 005 | 20260407070814.0 | ||
| 007 | ta | ||
| 008 | 140619s2014 xr g 000 f cze | ||
| 015 | |a cnb002596951 | ||
| 020 | |a 9788073982706 |q (brož.) | ||
| 035 | |a (OCoLC)886605886 | ||
| 040 | |a OLA001 |b cze |d ABA001 | ||
| 041 | 1 | |a cze |h eng | |
| 072 | 7 | |a 821.111-3 |x Anglická próza, anglicky psaná |2 Konspekt | |
| 080 | |a 821.111-31 |2 MRF | ||
| 080 | |a (0:82-312.9) |2 MRF | ||
| 100 | 1 | |a Gemmell, Stella |7 xx0179641 |4 aut | |
| 245 | 1 | 0 | |a Město / |c Stella Gemmell ; [překlad Jan Kozák] |
| 250 | |a 1. vyd. | ||
| 260 | |a Ostrava : |b Fantom Print, |c 2014 | ||
| 300 | |a 412 s. ; |c 21 cm | ||
| 500 | |a Přeloženo z angličtiny | ||
| 520 | 2 | |a Dlouholetá literární redaktorka a poté také životní partnerka věhlasného D. A. Gemmella s tímto velikánem fantastiky spolupracovala na několika románech a nyní přichází se svým prvním samostatným fantasy románem. | |
| 520 | 2 | |a Město je tak staré a mnohovrstvé, že je více než jasná jeho barvitá i temná minulost ovlivňující současnost. Věnuje se především vyvolávání válečných konfliktů, ze kterých tloustne a žije. Není to však samo Město, kdo dává rozkazy. V jeho centru žije císař, kterého však jen málokdo viděl a o němž kolují podivné zvěsti. I když musí být starý jako svět, ti kdo ho viděli, přísahají na to, že je to muž v nejlepších letech. Je to tedy ještě vůbec člověk? Báchorky, legendy a mýty stvořily teorii, že jen díky smrti císaře může ve Městě opět nastat mír a prosperita. A jediný muž, který by mohl vést povstalce do boje, je Shuskar. Bývalý císařův generál žijící ve vyhnanství. Prý... | |
| 655 | 7 | |a anglické romány |7 fd131814 |2 czenas | |
| 655 | 7 | |a fantasy romány |7 fd184199 |2 czenas | |
| 655 | 9 | |a English fiction |2 eczenas | |
| 655 | 9 | |a fantasy novels |2 eczenas | |
| 765 | 0 | |t City | |
| 900 | |a ABA001 |b 18 | ||
| 044 | |a xr | ||
| 910 | |a RBIT002 | ||
| 998 | |d 13744 |a https://core.palmknihy.cz/api/books/13744/cover?e6q126 |b https://core.palmknihy.cz/api/books/13744/cover/400?xc7ovx |c https://core.palmknihy.cz/api/books/13744/cover/50?fwf19c |e 2029-02-28 |g 416 |i 9788073982706 |j https://core.palmknihy.cz/api/books/13744/preview.epub |l |q 49 |r 1 |s https://www.palmknihy.cz/kniha/13744 |t ebook |y 2014 |z 0 | ||
| 999 | |d 295239 | ||